EÚ v úsilí o odstránenie vekovej diskriminácie občanov na trhu práce a výzvy pre Slovensko

Salvato in:
Dettagli Bibliografici
Autore principale: Macková, Eva
Natura: Capitolo di libro
Lingua:slovacco
Tags: Aggiungi Tag
Nessun Tag, puoi essere il primo ad aggiungerne!!

MARC

LEADER 00000naa$a2200000$$$4500
001 0061458
005 20240502071705.5
041 0 |a slo 
044 |a SK 
245 1 0 |a EÚ v úsilí o odstránenie vekovej diskriminácie občanov na trhu práce a výzvy pre Slovensko  |c Eva Macková 
100 1 |a Macková, Eva